[Event "70th ch-RUS HL 2017"]
[Site "Sochi RUS"]
[Date "2017.07.03"]
[Round "2.18"]
[White "Sjugirov, Sanan"]
[Black "Ulyanin, Sergei"]
[Result "1-0"]
[WhiteTitle "GM"]
[BlackTitle "FM"]
[WhiteElo "2649"]
[BlackElo "2328"]
[WhiteFideId "4189302"]
[BlackFideId "24105805"]
[EventDate "2017.07.02"]

1. d4 d5 2. c4 e6 3. Nf3 Nf6 4. g3 c5 5. cxd5 exd5 6. Bg2 Nc6 7. Nc3 Be7 8. O-O
cxd4 9. Nxd4 O-O 10. Be3 Nxd4 11. Bxd4 Be6 12. Qb3 Qd7 13. Rfd1 Rfe8 14. Bxf6
Bxf6 15. Nxd5 Bxd5 16. Bxd5 Rab8 17. e4 b6 18. Rac1 Rec8 19. Kg2 Rxc1 20. Rxc1
g6 21. Rc6 Be5 22. Qb5 Qe7 23. Bxf7+ Kxf7 24. Qd5+ Kg7 25. Re6 Qc5 26. Rxe5 Qxd5
27. Rxd5 Rb7 28. f4 Rc7 29. Kf3 Rc2 30. Rd7+ Kf6 31. Rxh7 a5 32. b3 Rxa2 33. Rb7 1-0

[Event "70th ch-RUS HL 2017"]
[Site "Sochi RUS"]
[Date "2017.07.03"]
[Round "2.19"]
[White "Vavulin, Maksim"]
[Black "Yeletsky, Ivan"]
[Result "0-1"]
[WhiteTitle "IM"]
[BlackTitle "FM"]
[WhiteElo "2595"]
[BlackElo "2417"]
[WhiteFideId "4169530"]
[BlackFideId "24180327"]
[EventDate "2017.07.02"]

1. e4 c5 2. Nf3 d6 3. d4 cxd4 4. Nxd4 Nf6 5. Nc3 g6 6. Be2 Bg7 7. Nb3 O-O 8. g4
Nc6 9. g5 Nd7 10. h4 Nc5 11. h5 Be6 12. f4 Rc8 13. hxg6 fxg6 14. Bg4 Nb4 15.
Bxe6+ Nxe6 16. a3 Na6 17. Qg4 Bxc3+ 18. bxc3 Ng7 19. Qh3 Nh5 20. f5 Qd7 21. Bb2
Nc5 22. Nxc5 Rxc5 23. O-O-O e6 24. Qe3 Rf7 25. Qd4 exf5 26. c4 Ng7 27. Rhf1 b6
28. Kb1 f4 29. Qc3 Rxg5 30. Qb4 Rc5 31. e5 d5 32. cxd5 Rxd5 33. Kc1 h5 34. Qb3
Rxd1+ 35. Rxd1 Qe6 36. Qf3 Kh7 37. Kb1 Qg4 38. Qd5 Ne6 39. Bc1 f3 40. Rf1 Qf5
41. Rf2 h4 42. Qc4 h3 43. Qh4+ Qh5 44. Qg3 g5 45. Be3 Kg6 46. Rh2 g4 47. Rd2 f2
48. Rxf2 Rxf2 49. Qxf2 h2 50. Qf6+ Kh7 51. Qxe6 h1=Q+ 52. Kb2 Qf3 0-1

[Event "70th ch-RUS HL 2017"]
[Site "Sochi RUS"]
[Date "2017.07.03"]
[Round "2.20"]
[White "Belozerov, Andrei"]
[Black "Drygalov, Andrey"]
[Result "1-0"]
[WhiteTitle "GM"]
[WhiteElo "2512"]
[BlackElo "2416"]
[WhiteFideId "4120213"]
[BlackFideId "24171735"]
[EventDate "2017.07.02"]

1. e4 c5 2. Nf3 e6 3. d4 cxd4 4. Nxd4 a6 5. c4 Nf6 6. Nc3 Bb4 7. Qd3 d5 8. exd5
exd5 9. Be2 O-O 10. O-O Nc6 11. cxd5 Nxd5 12. Nxc6 bxc6 13. Nxd5 cxd5 14. Be3
Be6 15. Bd4 Be7 16. Rfd1 Bf6 17. b4 Bxd4 18. Qxd4 Qd6 19. Rac1 Rfc8 20. Rc5 Rxc5
21. bxc5 Qc6 22. Rc1 Rb8 23. Bd1 a5 24. Ba4 Qc7 25. a3 h6 26. g3 Qe7 27. h4 Rc8
28. Bb5 Qf6 29. Qxf6 gxf6 30. Kf1 Kf8 31. Ke2 a4 32. Ke3 Rb8 33. Rb1 Bd7 34. Bd3
Rxb1 35. Bxb1 Ke7 36. Kd4 Bc6 37. Ba2 Ke6 38. g4 Bb7 39. f4 Bc6 40. Bxd5+ 1-0

[Event "70th ch-RUS HL 2017"]
[Site "Sochi RUS"]
[Date "2017.07.03"]
[Round "2.21"]
[White "Faizrakhmanov, Ramil"]
[Black "Sarana, Alexey"]
[Result "0-1"]
[WhiteTitle "FM"]
[BlackTitle "GM"]
[WhiteElo "2414"]
[BlackElo "2510"]
[WhiteFideId "24103209"]
[BlackFideId "24133795"]
[EventDate "2017.07.02"]

1. d4 Nf6 2. c4 e6 3. Nf3 d5 4. Nc3 dxc4 5. e4 b5 6. e5 Nd5 7. Nxb5 Nb6 8. Be2
Be7 9. O-O Nc6 10. b3 cxb3 11. axb3 Bb7 12. Ba3 a6 13. Bxe7 Nxe7 14. Na3 Nf5 15.
Nc2 O-O 16. Ne3 Nxe3 17. fxe3 a5 18. Qd2 c5 19. dxc5 Qxd2 20. Nxd2 Nd7 21. Nc4
Nxc5 22. Rxa5 Rxa5 23. Nxa5 Bd5 24. b4 Nd7 25. b5 Rc8 26. Rd1 Nb6 27. e4 Bxe4
28. Rd6 Rb8 29. Nb7 Na4 30. Na5 g5 31. Nc6 Rb6 32. Kf2 Kg7 33. g4 Nc3 34. Nd4
Rb7 35. Bc4 Bd5 36. Bxd5 Nxd5 37. Rc6 Ra7 38. Ra6 Rc7 39. Nc6 Nc3 40. b6 Rxc6
41. b7 Rxa6 42. b8=Q Ra2+ 43. Kf3 Rd2 44. Qc7 Rd3+ 45. Kf2 Rd2+ 46. Kf3 Rd3+ 47.
Kf2 Ne4+ 48. Kg2 Rd5 49. Kf3 Nc5 50. h4 gxh4 51. Qe7 Rxe5 52. Qxh4 Nd7 53. Qh2
Rg5 54. Qd2 Rd5 55. Qb2+ Nf6 56. Qa1 h6 57. Qb2 Rg5 58. Qa1 Rxg4 59. Qc3 Rg5 60.
Qb2 Rf5+ 61. Kg2 Kg6 62. Qc2 Nd5 63. Qc8 Kg7 64. Qd7 Nf4+ 65. Kh2 Ng6 66. Qc8 h5
67. Qd7 Rf4 68. Qc7 h4 69. Qc3+ Kh7 70. Qd3 e5 71. Qd5 e4 72. Qd4 f5 73. Qd7+
Kh6 74. Qd2 Kh5 75. Qd1+ Rf3 76. Qd5 Rf1 77. Qe6 Rf2+ 78. Kg1 Rf3 79. Qd5 Kg5
80. Kh2 Rd3 81. Qc4 Rd2+ 82. Kh1 Ne5 83. Qe6 Ng4 84. Qe7+ Kf4 85. Qc7+ Kf3 86.
Qc3+ e3 87. Qc6+ Kg3 88. Qg2+ Kf4 89. Qf1+ Kg5 90. Kg1 h3 91. Qxh3 e2 0-1

[Event "70th ch-RUS HL 2017"]
[Site "Sochi RUS"]
[Date "2017.07.03"]
[Round "2.22"]
[White "Zabotin, Alexander"]
[Black "Saveliev, Alexei"]
[Result "1-0"]
[WhiteTitle "IM"]
[WhiteElo "2466"]
[BlackElo "2403"]
[WhiteFideId "4159985"]
[BlackFideId "24128546"]
[EventDate "2017.07.02"]

1. d4 Nf6 2. Nf3 e6 3. c4 b6 4. a3 c5 5. Nc3 cxd4 6. Nxd4 Bb7 7. f3 Nc6 8. Nxc6
Bxc6 9. e4 Qb8 10. g3 Bd6 11. Bg2 a6 12. Be3 h5 13. O-O h4 14. f4 Bc7 15. Rf2
hxg3 16. hxg3 d6 17. Rc1 Qb7 18. Qf3 b5 19. cxb5 axb5 20. g4 Bb6 21. Bxb6 Qxb6
22. g5 Nd7 23. Rd1 O-O-O 24. Rxd6 Nc5 25. Rxd8+ Rxd8 26. Kh2 f5 27. gxf6 gxf6
28. Qg3 f5 29. exf5 exf5 30. Qg6 Kb7 31. Qxf5 Rh8+ 32. Kg1 Bxg2 33. Kxg2 Qh6 34.
Qd5+ Kb6 35. Kf1 Qh3+ 36. Ke2 Re8+ 37. Kd1 Qd3+ 38. Rd2 Qxd5 39. Nxd5+ Kc6 40.
Nb4+ Kb6 41. Rd6+ Kb7 42. Nd5 Ne4 43. Rb6+ Ka7 44. Rxb5 Rh8 45. Ke2 Ka6 46. Rb4
Ng3+ 47. Kf3 Nf5 48. Kg4 Nd6 49. Rb6+ 1-0

[Event "70th ch-RUS HL 2017"]
[Site "Sochi RUS"]
[Date "2017.07.03"]
[Round "2.23"]
[White "Samojlov, Anton"]
[Black "Sek, Konstantin"]
[Result "1-0"]
[WhiteTitle "FM"]
[WhiteElo "2329"]
[BlackElo "2465"]
[WhiteFideId "4151909"]
[BlackFideId "24104302"]
[EventDate "2017.07.02"]

1. d4 Nf6 2. g3 c5 3. dxc5 Qa5+ 4. Nd2 Qxc5 5. Bg2 d5 6. Ngf3 Nc6 7. O-O Bf5 8.
c3 e5 9. Nh4 Bg4 10. h3 Be6 11. Nb3 Qc4 12. f4 Ne4 13. Kh2 exf4 14. gxf4 O-O-O
15. Qd3 Nc5 16. Qxc4 dxc4 17. Nd4 Nxd4 18. cxd4 Rxd4 19. Be3 Rd7 20. Nf3 f6 21.
Rfd1 Rc7 22. Nd4 Bd7 23. Rac1 Na4 24. b3 Nb6 25. a4 cxb3 26. Rxc7+ Kxc7 27. a5
Nc8 28. Nxb3 Bd6 29. Kg1 Re8 30. Kf2 g5 31. Rc1+ Kb8 32. Nc5 Bb5 33. fxg5 fxg5
34. Rc2 Bg3+ 35. Kf3 Bh4 36. Bd4 Rf8+ 37. Ke4 Rf4+ 38. Ke5 Bg3 39. Ne4 Bh2 40.
Ke6 Rf8 41. Nf6 Rd8 42. e3 Bd6 43. Be4 h5 44. Kf5 g4 45. hxg4 Ne7+ 46. Ke6 hxg4
47. Nxg4 Nc8 48. Nf6 a6 49. Bd5 Bc7 50. Be5 Bxe5 51. Kxe5 Ne7 52. e4 Nc6+ 53.
Bxc6 Bxc6 54. Rh2 Rd3 55. Rh5 Ra3 56. Kd6 Rd3+ 57. Ke6 Rd4 58. Rh8+ Ka7 59. e5
Ra4 60. Ne8 Rxa5 61. Nd6 Bd5+ 62. Kd7 Kb6 63. e6 Bc6+ 64. Ke7 Rd5 65. Rh2 a5 66.
Rb2+ Ka6 67. Nc8 b5 68. Kf6 Rd8 69. Ne7 Bb7 70. Nf5 b4 71. e7 Ra8 72. Ke5 Bc6
73. Rd2 b3 74. Nd4 Ba4 75. Nxb3 Ra7 76. Rd6+ Kb5 77. Ke4 1-0

[Event "70th ch-RUS HL 2017"]
[Site "Sochi RUS"]
[Date "2017.07.03"]
[Round "2.24"]
[White "Oganian, Miran"]
[Black "Kozak, Alexander"]
[Result "1/2-1/2"]
[WhiteTitle "IM"]
[BlackTitle "FM"]
[WhiteElo "2462"]
[BlackElo "2303"]
[WhiteFideId "4122488"]
[BlackFideId "4135881"]
[EventDate "2017.07.02"]

1. d4 g6 2. c4 Bg7 3. Nc3 d6 4. e4 e5 5. Be3 Nc6 6. Nge2 Nf6 7. d5 Ne7 8. h3 O-O
9. g4 Ne8 10. Ng3 f5 11. gxf5 gxf5 12. exf5 Nxf5 13. Nxf5 Bxf5 14. Bd3 Qh4 15.
Bxf5 Rxf5 16. Qg4 Rh5 17. Ke2 Nf6 18. Qxh4 Rxh4 19. b3 a6 20. Bg5 Rh5 21. Rag1
Kf7 22. Bxf6 Bxf6 23. Ne4 Be7 24. Rg4 Rg8 25. Rxg8 Kxg8 26. Ng3 Rg5 27. Kf3 Kf7
28. b4 Rg6 29. Ne4 Ke8 30. a4 Kd7 31. a5 Rh6 32. Ke2 c6 33. f3 cxd5 34. cxd5 Rg6
35. Kf1 Bh4 36. Rh2 Rg8 37. b5 Rc8 38. Rb2 Rc1+ 39. Ke2 axb5 40. Rxb5 Kc7 41.
Rb4 Re1+ 42. Kd3 Be7 43. Ng3 Bg5 44. Rg4 Re3+ 45. Kc4 Bf6 46. Ne4 Rxf3 47. Nxf6
Rxf6 48. Rg7+ Kb8 49. Rxh7 Rf4+ 50. Kb5 Rf1 51. Rd7 Rd1 52. h4 Kc8 53. Rxd6 Kc7
54. Rh6 Rxd5+ 55. Kb4 e4 56. Re6 e3 57. Rxe3 Rd4+ 1/2-1/2

[Event "70th ch-RUS HL 2017"]
[Site "Sochi RUS"]
[Date "2017.07.03"]
[Round "2.25"]
[White "Bykov, Egor"]
[Black "Lugovskoy, Maxim"]
[Result "1-0"]
[WhiteTitle "FM"]
[BlackTitle "GM"]
[WhiteElo "2324"]
[BlackElo "2453"]
[WhiteFideId "34115290"]
[BlackFideId "24126454"]
[EventDate "2017.07.02"]

1. d4 d5 2. c4 e6 3. Nf3 Nf6 4. Nc3 Be7 5. Bf4 O-O 6. e3 b6 7. Rc1 Bb7 8. cxd5
exd5 9. Be2 c5 10. O-O Nc6 11. Ne5 Nxe5 12. Bxe5 Qd7 13. dxc5 bxc5 14. Bxf6 gxf6
15. Bd3 Kg7 16. Qh5 Rh8 17. Ne2 Rag8 18. Ng3 h6 19. Rfd1 Kf8 20. f4 Qe6 21. Qf3
c4 22. Bxc4 Bc5 23. Rc3 dxc4 24. Qxb7 Kg7 25. Qe4 Qxe4 26. Nxe4 Bb6 27. Kf2 Rb8
28. Rxc4 Rhe8 29. Rd3 Rbc8 30. Nd6 Rxc4 31. Nxc4 Rc8 32. b3 Bc5 33. Kf3 Bb4 34.
Rd7 a5 35. a3 Bf8 36. a4 Bb4 37. Rd5 Rb8 38. Rb5 Ra8 39. Ke4 Ra7 40. Kf5 Ra8 41.
e4 Ra7 42. Nb6 Rc7 43. Nd5 Rc2 44. Nxb4 axb4 45. Rxb4 Rxg2 46. a5 1-0

[Event "70th ch-RUS HL 2017"]
[Site "Sochi RUS"]
[Date "2017.07.03"]
[Round "2.26"]
[White "Savitskiy, Sergey"]
[Black "Sin, Denis"]
[Result "1-0"]
[WhiteTitle "FM"]
[BlackTitle "FM"]
[WhiteElo "2428"]
[BlackElo "2258"]
[WhiteFideId "24105660"]
[BlackFideId "34126683"]
[EventDate "2017.07.02"]

1. Nf3 c5 2. g3 Nc6 3. Bg2 e5 4. O-O g6 5. c4 Bg7 6. Nc3 Nge7 7. Ne1 O-O 8. Nc2
d6 9. Ne3 Be6 10. a3 Qd7 11. Rb1 Bh3 12. b4 Bxg2 13. Kxg2 cxb4 14. axb4 Nd4 15.
b5 f5 16. Ned5 Nxd5 17. Nxd5 f4 18. f3 Rae8 19. d3 g5 20. e3 Ne6 21. e4 h5 22.
g4 hxg4 23. fxg4 Nd4 24. h3 Bf6 25. Be3 Ne6 26. Bxa7 Bd8 27. Bg1 Rf7 28. Ra1 Nf8
29. Qf3 Rh7 30. Ra8 Re6 31. Ne3 Ng6 32. Nf5 Nh4+ 33. Nxh4 Rxh4 34. Bb6 Re8 35.
Bf2 Rh6 36. Rfa1 Rhe6 37. R1a7 Bf6 38. Qd1 Qh7 39. Qa4 Bd8 40. Qd1 Rf8 41. Rb8
f3+ 42. Kh2 Rh6 43. Qf1 Qd7 44. Rbxb7 Qe6 45. b6 Qf6 46. Bg3 f2 47. Ra2 Qh8 48.
Rxf2 Rxf2+ 49. Qxf2 Rf6 50. Qa2 1-0

[Event "70th ch-RUS HL 2017"]
[Site "Sochi RUS"]
[Date "2017.07.03"]
[Round "2.27"]
[White "Musaev, Rasul"]
[Black "Duzhakov, Ilya"]
[Result "0-1"]
[WhiteTitle "FM"]
[BlackTitle "FM"]
[WhiteElo "2287"]
[BlackElo "2421"]
[WhiteFideId "24146870"]
[BlackFideId "4192516"]
[EventDate "2017.07.02"]

1. e4 c5 2. Nf3 d6 3. d4 cxd4 4. Nxd4 Nf6 5. Nc3 a6 6. Be3 Ng4 7. Bc1 Nf6 8. Be3
e5 9. Nb3 Be7 10. Be2 Be6 11. Bf3 O-O 12. O-O h6 13. Qd2 a5 14. Rad1 a4 15. Nc1
a3 16. b3 Qa5 17. Nd5 Bxd5 18. exd5 Qxd2 19. Rxd2 b5 20. Be2 b4 21. f3 Ra5 22.
Bc4 Nbd7 23. Nd3 Rb8 24. Re1 Bd8 25. Nf2 Bb6 26. Nd1 Rc8 27. Kf1 Kf8 28. f4 Bxe3
29. Nxe3 Ne4 30. Rde2 g6 31. Nd1 f5 32. g4 exf4 33. gxf5 gxf5 34. Rxe4 fxe4 35.
Rxe4 Ne5 36. Rxf4+ Kg8 37. Rh4 Ra7 38. Ne3 Rf8+ 39. Ke2 Rf6 40. Bb5 Raf7 41. Nd1
Re7 42. Ne3 Ng6 43. Rg4 h5 44. Rc4 Rf5 45. Rc8+ Kg7 46. Re8 Rxd5 47. Rxe7+ Nxe7
48. Nxd5 Nxd5 49. c4 Nc3+ 50. Kd2 h4 51. h3 Kf6 52. Bd7 Ke5 53. Kc2 Kd4 54. Bf5
Nxa2 55. Bg6 Nc3 56. Bf5 Nd1 57. Kb1 Kc3 58. Ka2 Nf2 59. Be6 Nd3 0-1

[Event "70th ch-RUS HL 2017"]
[Site "Sochi RUS"]
[Date "2017.07.04"]
[Round "3.1"]
[White "Najer, Evgeniy"]
[Black "Rozum, Ivan"]
[Result "1/2-1/2"]
[WhiteTitle "GM"]
[BlackTitle "GM"]
[WhiteElo "2706"]
[BlackElo "2573"]
[WhiteFideId "4118987"]
[BlackFideId "24104272"]
[EventDate "2017.07.02"]

1. e4 c6 2. d4 d5 3. f3 g6 4. Nc3 Bg7 5. Be3 Qb6 6. Qd2 Qxb2 7. Rb1 Qa3 8. exd5
Nf6 9. dxc6 bxc6 10. Bd3 O-O 11. Nge2 Nbd7 12. O-O Ba6 13. Rb3 Qa5 14. Ne4 Qxd2
15. Bxd2 Bxd3 16. cxd3 Rfb8 17. Rc1 Rb6 18. Kf1 Nd5 19. Ke1 Rxb3 20. axb3 Rb8
21. Ra1 Rxb3 22. Rxa7 Nf8 23. Nc5 Rb1+ 24. Kf2 Rb2 25. Ke1 Rb1+ 26. Kf2 Rb2 27.
Ke1 Rb1+ 1/2-1/2

[Event "70th ch-RUS HL 2017"]
[Site "Sochi RUS"]
[Date "2017.07.04"]
[Round "3.2"]
[White "Ponkratov, Pavel"]
[Black "Romanov, Evgeny"]
[Result "1/2-1/2"]
[WhiteTitle "GM"]
[BlackTitle "GM"]
[WhiteElo "2603"]
[BlackElo "2610"]
[WhiteFideId "4157800"]
[BlackFideId "4148843"]
[EventDate "2017.07.02"]

1. e4 e5 2. Nf3 Nc6 3. d4 exd4 4. Nxd4 Nf6 5. Nxc6 bxc6 6. e5 Qe7 7. Qe2 Nd5 8.
h4 d6 9. c4 Nb4 10. a3 Na6 11. exd6 cxd6 12. b4 Bg4 13. f3 Be6 14. Bb2 Nb8 15.
Nc3 Nd7 16. O-O-O a5 17. b5 Rc8 18. Kb1 Nb6 19. bxc6 Rxc6 20. Qe4 Qb7 21. Nb5
Na4 22. Rxd6 Nc3+ 23. Bxc3 Bxd6 24. Bxg7 Rg8 25. Bb2 Be7 26. Qxh7 f5 27. Bd3 Qd7
28. Rd1 Rxc4 29. Qh5+ Kf8 30. Qh6+ Kf7 31. Qh7+ Kf8 32. Qh6+ Kf7 33. Qh5+ Kf8
34. Qh6+ 1/2-1/2

[Event "70th ch-RUS HL 2017"]
[Site "Sochi RUS"]
[Date "2017.07.04"]
[Round "3.3"]
[White "Motylev, Alexander"]
[Black "Moiseenko, Vadim"]
[Result "1-0"]
[WhiteTitle "GM"]
[BlackTitle "IM"]
[WhiteElo "2680"]
[BlackElo "2548"]
[WhiteFideId "4121830"]
[BlackFideId "4123700"]
[EventDate "2017.07.02"]

1. e4 c6 2. d4 d5 3. Nc3 dxe4 4. Nxe4 Nf6 5. Nxf6+ exf6 6. c3 Qd5 7. Qf3 Be6 8.
Qxd5 cxd5 9. Bf4 Nc6 10. Bd3 Kd7 11. Ne2 h5 12. h4 g6 13. Kd2 Bd6 14. Bxd6 Kxd6
15. Nf4 Rac8 16. Rae1 Bd7 17. Re3 Rhe8 18. Rxe8 Rxe8 19. Bb5 b6 20. Be2 Nd8 21.
Bf3 Bc6 22. Nd3 a5 23. b3 Ne6 24. Rb1 Rc8 25. a4 Ra8 26. Bd1 Bd7 27. Be2 Bc6 28.
g3 Bd7 29. Bd1 Rc8 30. Bf3 Bc6 31. Ra1 Bd7 32. Rb1 Bc6 33. b4 Ra8 34. b5 Bb7 35.
Ne1 Ng7 36. Ng2 Nf5 37. Re1 Rd8 38. Nf4 Rc8 39. Bd1 Rh8 40. Bf3 Rc8 41. Kd3 Rh8
42. Kc2 Ng7 43. Kd2 Nf5 44. Kd3 Rc8 45. Bd1 Rh8 46. Bb3 g5 47. Ng2 Bc8 48. Rh1
Be6 49. Bd1 Ng7 50. Ne3 g4 51. Kd2 Rc8 52. Bc2 Ne8 53. Re1 Kd7 54. c4 Kd6 55.
cxd5 Bxd5 56. Nf5+ Kd7 57. Ne7 Rc4 58. Kd3 Be6 59. Nc6 Nd6 60. Bb3 Bf5+ 61. Kd2
Rxc6 62. bxc6+ Kxc6 63. Re7 Bg6 64. Ra7 Ne4+ 65. Ke3 Nd6 66. Kf4 Nc8 67. d5+ Kd6
68. Rb7 f5 69. Bc4 f6 70. Bb5 Kxd5 71. Rg7 1-0

[Event "70th ch-RUS HL 2017"]
[Site "Sochi RUS"]
[Date "2017.07.04"]
[Round "3.4"]
[White "Alekseev, Evgeny"]
[Black "Matlakov, Maxim"]
[Result "1/2-1/2"]
[WhiteTitle "GM"]
[BlackTitle "GM"]
[WhiteElo "2607"]
[BlackElo "2730"]
[WhiteFideId "4138147"]
[BlackFideId "4168003"]
[EventDate "2017.07.02"]

1. e4 c5 2. Nf3 Nc6 3. d4 cxd4 4. Nxd4 Nf6 5. Nc3 e5 6. Ndb5 d6 7. Bg5 a6 8. Na3
b5 9. Nd5 Be7 10. Bxf6 Bxf6 11. c3 Rb8 12. Nc2 Bg5 13. a4 bxa4 14. Ncb4 Nxb4 15.
cxb4 O-O 16. Rxa4 a5 17. b5 Bd7 18. Nc3 d5 19. Nxd5 Be7 20. Bc4 Bxb5 21. Bxb5
Rxb5 22. O-O Bc5 23. Qd2 Kh8 24. Kh1 f5 25. Qe2 Qb8 26. Ra2 Bd4 27. Nc3 Bxc3 28.
bxc3 fxe4 29. Qxe4 Rc5 30. Rfa1 Qb3 31. Ra3 Qb2 32. h3 Rxc3 33. Rxa5 Qxf2 34.
Rxe5 h6 35. Re8 Rc8 36. Rxc8 Rxc8 37. Ra8 Rxa8 38. Qxa8+ Kh7 39. Qe4+ Kh8 40.
Qe8+ Kh7 41. Qe4+ 1/2-1/2

[Event "70th ch-RUS HL 2017"]
[Site "Sochi RUS"]
[Date "2017.07.04"]
[Round "3.5"]
[White "Dubov, Daniil"]
[Black "Kokarev, Dmitry"]
[Result "1-0"]
[WhiteTitle "GM"]
[BlackTitle "GM"]
[WhiteElo "2658"]
[BlackElo "2620"]
[WhiteFideId "24126055"]
[BlackFideId "4132181"]
[EventDate "2017.07.02"]

1. Nf3 Nf6 2. c4 g6 3. Nc3 Bg7 4. e4 O-O 5. d4 d6 6. Be2 e5 7. O-O exd4 8. Nxd4
Re8 9. f3 c6 10. Kh1 Nbd7 11. Bg5 Qb6 12. Na4 Qc7 13. Qd2 Nc5 14. Nc3 a5 15.
Rab1 a4 16. b4 axb3 17. axb3 Nfd7 18. Be3 Ne6 19. Rfd1 Ndc5 20. Nc2 Qe7 21. b4
Nd7 22. f4 Nef8 23. Bf3 g5 24. fxg5 Ne5 25. Be2 Be6 26. c5 dxc5 27. Bxc5 Qd8 28.
Qe3 Qc8 29. h3 Bc4 30. Bh5 Ne6 31. Bd6 b5 32. Qg3 Ng6 33. Bxg6 fxg6 34. e5 c5
35. Ne4 Nd4 36. Nxd4 cxd4 37. Rxd4 Ra2 38. Re1 Qa8 39. Nf6+ Bxf6 40. gxf6 Bd5
41. Rg1 Rc8 42. Bc5 Re8 43. Kh2 Re2 44. Rg4 Kf7 45. e6+ 1-0

[Event "70th ch-RUS HL 2017"]
[Site "Sochi RUS"]
[Date "2017.07.04"]
[Round "3.6"]
[White "Zvjaginsev, Vadim"]
[Black "Antipov, Mikhail Al."]
[Result "1-0"]
[WhiteTitle "GM"]
[BlackTitle "GM"]
[WhiteElo "2649"]
[BlackElo "2580"]
[WhiteFideId "4113403"]
[BlackFideId "4107012"]
[EventDate "2017.07.02"]

1. e4 c5 2. Nf3 Nc6 3. Bb5 g6 4. O-O Bg7 5. d3 d6 6. Re1 Qb6 7. Nc3 Bxc3 8.
Bxc6+ Qxc6 9. bxc3 e5 10. d4 f6 11. Nd2 Ne7 12. dxe5 dxe5 13. Nc4 O-O 14. Bh6
Re8 15. f4 Qe6 16. Ne3 exf4 17. Bxf4 Qxe4 18. Nd5 Qxd5 19. Qxd5+ Nxd5 20. Rxe8+
Kf7 21. Rae1 b5 22. Bd6 Bb7 23. R8e7+ 1-0

[Event "70th ch-RUS HL 2017"]
[Site "Sochi RUS"]
[Date "2017.07.04"]
[Round "3.7"]
[White "Tsydypov, Zhamsaran"]
[Black "Dreev, Aleksey"]
[Result "0-1"]
[WhiteTitle "IM"]
[BlackTitle "GM"]
[WhiteElo "2528"]
[BlackElo "2647"]
[WhiteFideId "4108566"]
[BlackFideId "4100107"]
[EventDate "2017.07.02"]

1. d4 d5 2. c4 c6 3. Nf3 Nf6 4. Nc3 e6 5. e3 Nbd7 6. Qc2 b6 7. cxd5 cxd5 8. Nb5
Bb4+ 9. Bd2 Bxd2+ 10. Nxd2 O-O 11. Rc1 Ba6 12. Qa4 Rc8 13. Rb1 Bxb5 14. Bxb5 Qc7
15. O-O Nb8 16. b4 Ne8 17. Bxe8 Rfxe8 18. Rbc1 Qd7 19. Qxd7 Nxd7 20. b5 Kf8 21.
Nf3 f6 22. g4 Ke7 23. h4 a6 24. bxa6 Rxc1 25. Rxc1 Ra8 26. h5 Rxa6 27. Rc2 Ra8
28. Kf1 Kd6 29. Ne1 e5 30. Nf3 g6 31. Nh4 exd4 32. exd4 Ra4 33. Nxg6 Rxd4 34.
Rc8 Rxg4 35. Nh8 Ke7 36. h6 Rh4 37. Rg8 Rxh6 38. Rg7+ Ke8 39. Kg2 d4 40. Kf3 d3
41. Nf7 0-1

[Event "70th ch-RUS HL 2017"]
[Site "Sochi RUS"]
[Date "2017.07.04"]
[Round "3.8"]
[White "Bocharov, Dmitry"]
[Black "Volkov, Sergey"]
[Result "1/2-1/2"]
[WhiteTitle "GM"]
[BlackTitle "GM"]
[WhiteElo "2576"]
[BlackElo "2627"]
[WhiteFideId "4138716"]
[BlackFideId "4122763"]
[EventDate "2017.07.02"]

1. e4 e6 2. Qe2 c5 3. Nf3 Nc6 4. g3 Nf6 5. e5 Nd5 6. Bg2 d6 7. O-O dxe5 8. Nxe5
Nd4 9. Qd1 Bd6 10. Re1 Bxe5 11. Rxe5 Qc7 12. Re1 O-O 13. Na3 Rd8 14. d3 Bd7 15.
c3 Nf5 16. Nc4 Be8 17. Qe2 h6 18. f4 Rac8 19. Bd2 b5 20. Ne5 f6 21. Nf3 Bf7 22.
Rad1 a5 23. Qf2 h5 24. h3 Rd7 25. Bc1 Rcd8 26. g4 hxg4 27. hxg4 Nh6 28. Nh2 b4
29. c4 Ne7 30. Bf1 f5 31. g5 Ng4 32. Nxg4 fxg4 33. Qh4 Bg6 34. Qxg4 Bf5 35. Qf3
Nc6 36. Be3 Nd4 37. Qg2 a4 38. Rd2 b3 39. axb3 axb3 40. Qg3 Nc2 41. Red1 Nxe3
42. Qxe3 Rd4 43. Rf2 Rxc4 44. dxc4 Rxd1 45. Qxb3 Qd6 46. Qa4 Kf7 47. Qa7+ Kg6
48. Qa8 Bd3 49. Qe8+ Kf5 50. Qf7+ Ke4 51. Qb7+ Kf5 52. Qf7+ Ke4 53. Qb7+ Kf5 54.
Qf7+ 1/2-1/2

[Event "70th ch-RUS HL 2017"]
[Site "Sochi RUS"]
[Date "2017.07.04"]
[Round "3.9"]
[White "Shimanov, Aleksandr"]
[Black "Goganov, Aleksey"]
[Result "1-0"]
[WhiteTitle "GM"]
[BlackTitle "GM"]
[WhiteElo "2623"]
[BlackElo "2592"]
[WhiteFideId "4198603"]
[BlackFideId "24109959"]
[EventDate "2017.07.02"]

1. e4 e5 2. Nf3 Nc6 3. Bc4 Bc5 4. O-O Nf6 5. d3 d6 6. c3 a6 7. Re1 Ba7 8. Bb3 h6
9. Nbd2 O-O 10. h3 Re8 11. Nf1 Be6 12. Bc2 d5 13. exd5 Qxd5 14. Ng3 Rad8 15. Qe2
Qd7 16. Be3 Bb6 17. a4 Nd5 18. Bxb6 cxb6 19. Nxe5 Nxe5 20. Qxe5 Bxh3 21. Qd4 Be6
22. Qh4 Qc7 23. d4 Qf4 24. Qxf4 Nxf4 25. Nf5 g6 26. Ne3 h5 27. Be4 Re7 28. g3
Bb3 29. Bf3 Nh3+ 30. Kf1 Ng5 31. Bg2 Rde8 32. Ra3 Be6 33. d5 Bf5 34. Rd1 Be4 35.
Rb3 Nf3 36. Rxb6 Nh2+ 37. Kg1 Nf3+ 38. Bxf3 Bxf3 39. Rd4 g5 40. a5 g4 41. c4 Kh7
42. Rf4 Be4 43. Rbf6 Kg7 44. Rb6 Rd7 45. Nf5+ Bxf5 46. Rxf5 Re1+ 47. Kg2 Rc1 48.
b3 Re7 49. Rxh5 1-0

[Event "70th ch-RUS HL 2017"]
[Site "Sochi RUS"]
[Date "2017.07.04"]
[Round "3.10"]
[White "Artemiev, Vladislav"]
[Black "Levin, Evgeny A."]
[Result "0-1"]
[WhiteTitle "GM"]
[BlackTitle "GM"]
[WhiteElo "2695"]
[BlackElo "2524"]
[WhiteFideId "24101605"]
[BlackFideId "4182596"]
[EventDate "2017.07.02"]

1. d4 Nf6 2. c4 e6 3. Nf3 b6 4. e3 Bb7 5. Bd3 d5 6. cxd5 exd5 7. O-O Bd6 8. b3
Qe7 9. Nc3 a6 10. Bb2 Nbd7 11. Rc1 O-O 12. Ne2 Ne4 13. Nf4 g5 14. Nh5 f5 15. b4
c6 16. a4 b5 17. Rc5 Rae8 18. Rc2 Qf7 19. Ng3 Qe7 20. Bxe4 fxe4 21. Ne5 Nxe5 22.
dxe5 Bxe5 23. Bxe5 Qxe5 24. Ne2 Rf6 25. axb5 Rh6 26. h3 g4 27. Nf4 gxh3 28. bxc6
hxg2 29. cxb7 gxf1=Q+ 30. Qxf1 Rb6 31. Qd1 Rxb7 32. Rc6 d4 33. Qxd4 Qxd4 34.
exd4 Rxb4 35. Nd5 Rb1+ 36. Kg2 Rd8 37. Nf6+ Kg7 38. d5 a5 39. Nh5+ Kf7 40. Rf6+
Ke7 41. Re6+ Kf7 42. Rf6+ Kg8 43. Ra6 Rb5 44. Kg3 Rf8 45. Nf6+ Kg7 46. Nh5+ Kh8
47. Nf6 Rb3+ 48. Kf4 Rf3+ 49. Ke5 Rxf2 50. Nxe4 Re8+ 51. Re6 Rff8 52. Nd6 Ra8
53. Re7 a4 54. Nf7+ Kg7 55. Ng5+ Kg6 56. Ne6 Rf5+ 57. Ke4 a3 58. Rg7+ Kf6 59.
Rxh7 Re5+ 60. Kd4 a2 61. Rh6+ Ke7 62. Kxe5 a1=Q+ 63. Kf5 Qf1+ 64. Ke5 Qe2+ 65.
Kf5 Qd3+ 0-1